000
00297nam a2200133Ia 4500
005
20251222155114.0
008
251222s9999||||xx |||||||||||||| ||spa||
082
_a
ETI.62
100
_a
MEJIA RIVERA,Orlan.
245
0
_a
Etica y Sida
250
_a
1ra. ed.
264
_b
San Pablo
942
_c
LIB
999
_c
38175
_d
38175